01086nam a2200313 i 450000100060000000300090000600500170001500700030003200800410003502000180007604000220009408000110011608000140012708000110014124501520015225000120030426000340031630000210035049000200037165000330039165000380042465000300046270000350049270000380052783000350056585200330060099900170063395201220065054775ES-MaACL20250809062549.0t|040114s2002 sp ||||0| spa d a84-7432-974-4 aM-BN bspa cM-BN a340.12 a340.132.6 a329.1203aLa relevancia del derecho b: ensayos de filosofía jurídica, moral y política / cPablo E. Navarro y María Cristina Redondo (compiladores). a1ª ed. aBarcelona : bGedisa, c2002. a367 p ; c23 cm.0 aSerie Cla-de-ma 4aDerecho-xFilosofía91162014aDerecho-xInterpretación91162617aLiberalismo2embne9143861 aNavarro, Pablo Eugenio.9850831 aRedondo, María Cristina.995819 0aSerie Cla-de-ma (1998)9124551 aES-MaACLjL-26805 bR.132432 c54775d54775 00104070aATENEOMbATENEOMcDEPO2d2008-01-17eSCl0oL-26805p1057556r2023-02-23 00:00:00w2023-02-23yMONOGRAFIA